| 000 | 01316nam a22002897a 4500 | ||
|---|---|---|---|
| 003 | PE SENCICO BE | ||
| 005 | 20251020182707.0 | ||
| 008 | 240304b |||||||| |||| 00| 0 eng d | ||
| 040 |
_aPE SENCICO BE _cPE SENCICO BE |
||
| 041 | _aspa | ||
| 084 |
_aI _aDIS _a2008 _bA35 |
||
| 100 | 1 |
_92005 _aAlcántara Santa Cruz, Luis Alberto _eautor |
|
| 245 | 1 |
_aCaftheld / _cLuis Alberto Alcántara Santa Cruz |
|
| 260 |
_aLima : _c2008 |
||
| 300 |
_a[70] h. : _bil. col., plans. ; _c30 x 42 cm. |
||
| 500 | _a"Cafthel es una fusión de los servicios de cafetería y heladería, este mercado abre los brazos a todo tipo de persona con distintas edades ...permitiendo así una mayor identificación en las personas con su nacionalidad." | ||
| 502 | _aMonografía de Titulación.-- Servicio Nacional de Capacitación para la Industria de la Construcción. Escuela Superior Técnica. Carrera Profesional Técnica en Diseño de Interiores, 2008 | ||
| 650 | 1 | 0 |
_944 _aDiseño de interiores |
| 650 | 2 | 0 |
_929 _aCafeterías |
| 650 | 2 | 0 |
_92006 _aHeladerías |
| 650 | 2 | 0 |
_9216 _aEdificaciones |
| 650 | 2 | 0 |
_9940 _aProyectos de edificaciones |
| 650 | 2 | 0 |
_9615 _aPlanos |
| 710 | 1 |
_aServicio Nacional de Capacitación para la Industria de la Construcción. _bEscuela Superior Técnica _91065 |
|
| 910 |
_bhfp _chfp |
||
| 942 | _cMON | ||
| 999 |
_c4978 _d4978 |
||